| 000 | 01601cab a2200241 4500 | ||
|---|---|---|---|
| 001 | E84571 | ||
| 008 | 090401t1997 xxu||||| |||| 00| 0 eng d | ||
| 035 | _a(Sirsi) u78967 | ||
| 041 | _aeng | ||
| 245 | _aLujo Properties Ltd v Green | ||
| 260 | _c1997 | ||
| 350 | _a0 | ||
| 490 |
_aScots Law Times _v1997 SLT 225-240(16) |
||
| 520 | _aOuter House. Lord Penrose. 17 January 1996. Landlord and tenant - lease - construction - assignability - lease to firm and individual partners thereof and their successors - clause excluding assignees "without the previous consent in writing of the Landlords (which consent shall not be unreasonably withheld)" - whether lease assignable. Landlord and tenant - lease - construction - parties to lease- lease to firm and partners qua trustees of partnership - whether partners of dissolved firm personally liable for obligations of tenants - whether lease terminated at date of dissolution of partnership - Partnership Act 1890 (56 & 54 Vict, c39), s38. Partnership - dissolution - assets of partnership - whether assignable lease asset of partnership after its dissolution and available for realisation even though for time being no tenant in existence - whether lease terminated at date of dissolution of partnership. Partnership - dissolution - liability of partners. | ||
| 650 | _aASSIGNATION | ||
| 650 | _aDISSOLUTION OF PARTNERSHIP | ||
| 650 |
_aLANDLORD AND TENANT _96252 |
||
| 650 | _aPARTNERSHIP ACT 1890 S38 | ||
| 650 | _aPARTNERSHIP ACT 1890 | ||
| 690 | _aLANDLORD AND TENANT-CASE LAW-BUSINESS TENANCIES | ||
| 942 | _n0 | ||
| 948 | _c17/06/1997 | ||
| 999 |
_c49622 _d49622 |
||